| 000 | 00748nam a22002057a 4500 | ||
|---|---|---|---|
| 003 | BD-DhUL | ||
| 005 | 20160829163630.0 | ||
| 008 | 160829s1979 b ||||| |||| 001 0 b d | ||
| 040 |
_aBD-DhUL _cBD-DhUL |
||
| 082 |
_a900 _bNUI |
||
| 100 | 1 | _aইসলাম, খোন্দকার নূরুল | |
| 245 | 1 | 0 |
_aইতিহাসের পাতা থেকে / _cখোন্দকার নূরুল ইসলাম |
| 260 |
_aঢাকা : _bইসলামিক ফাউন্ডেশন, _cc ১৯৭৯ |
||
| 300 |
_a৮০ পৃ. : _c১৮ সে.মি. |
||
| 365 |
_aBDT _b4.50 |
||
| 500 | _a নির্ঘন্ট সংবলিত | ||
| 650 | 0 | _aইতিহাস | |
| 650 | 0 | _aHistory | |
| 942 |
_2ddc _cBK |
||
| 999 |
_c102467 _d102467 |
||